Animal Crossing Species: Rabbit - Statistics

General Stats
  • This quiz has been taken 19 times
  • The average score is 9 of 22
Answer Stats
Answer % Correct
Bunnie
86%
Francine
79%
Chrissy
71%
Ruby
64%
Cole
57%
Coco
50%
Carmen
43%
Doc
43%
Gaston
43%
Hopkins
43%
Sasha
43%
Bonbon
36%
Mira
36%
Tiffany
36%
Claude
29%
Dotty
29%
Gabi
29%
Genji
29%
Pippy
29%
Snake
29%
O'hare
21%
Toby
21%
No matching quizzes found
Score Distribution
Percent of People with Each Score
Percentile by Number Answered
Your Score History
You have not taken this quiz